En torno a la conquista : (Record no. 10851)

MARC details
000 -CABECERA
campo de control de longitud fija 03294nam a22004577a 4500
001 - NÚMERO DE CONTROL
campo de control BRCA_9232
003 - IDENTIFICADOR DEL NÚMERO DE CONTROL
campo de control FranzMayer
005 - FECHA Y HORA DE LA ÚLTIMA TRANSACCIÓN
campo de control 20220921134824.0
008 - DATOS DE LONGITUD FIJA--INFORMACIÓN GENERAL
campo de control de longitud fija 220914b |||||||| |||| 00| 0 eng d
020 ## - NÚMERO INTERNACIONAL ESTÁNDAR DEL LIBRO
Número Internacional Estándar del Libro 9786073049221
040 ## - FUENTE DE LA CATALOGACIÓN
Lengua de catalogación spa
Centro/agencia transcriptor MFM
041 ## - CÓDIGO DE LENGUA
Código de lengua del texto/banda sonora o título independiente spa
050 ## - SIGNATURA TOPOGRÁFICA DE LA BIBLIOTECA DEL CONGRESO
Número de clasificación F1230.
Número de documento/Ítem E586 2021
245 ## - MENCIÓN DE TÍTULO
Título En torno a la conquista :
Resto del título visiones recientes
260 ## - PUBLICACIÓN, DISTRIBUCIÓN, ETC.
Lugar de publicación, distribución, etc. Ciudad de México :
Nombre del editor, distribuidor, etc. Universidad Nacional Autónoma de México, Instituto de Investigaciones Filológicas,
Fecha de publicación, distribución, etc. 2021
300 ## - DESCRIPCIÓN FÍSICA
Extensión 343 pp. :
Otras características físicas il. fot. map. ;
Dimensiones 17 x 22.5 cm.
490 ## - MENCIÓN DE SERIE
Mención de serie Ediciones especiales
Designación de volumen o secuencia 122
500 ## - NOTA GENERAL
Nota general Ubicación: L60-N1
500 ## - NOTA GENERAL
Nota general Incluye imágenes de la Colección Museo Franz Mayer (segundo Biombo entre pp. 318-319)
505 ## - NOTA DE CONTENIDO CON FORMATO
Título Presentación /
Mención de responsabilidad Aurora Díez-Canedo F.
505 ## - NOTA DE CONTENIDO CON FORMATO
Título La figura de Hernán Cortés en la geopolítica del Renacimiento /
Mención de responsabilidad Ascensión Hernández Triviño
505 ## - NOTA DE CONTENIDO CON FORMATO
Título Hernán Cortés: redes epistolares /
Mención de responsabilidad María del Carmen Martínez Martínez
505 ## - NOTA DE CONTENIDO CON FORMATO
Título Las instrucciones del cabildo de la Villa Rica de la Veracruz a los procuradores /
Mención de responsabilidad Rodrigo Martínez Baracs
505 ## - NOTA DE CONTENIDO CON FORMATO
Título Cambios y persistencias en la vida cotidiana de los chontales de Tabasco antes y después del recorrido de Cortés en 1524 /
Mención de responsabilidad Miriam Judith Gallegos Gómora y Ricardo Armijo Torres
505 ## - NOTA DE CONTENIDO CON FORMATO
Título Las cuencas bajas de los ríos Grijalva y Dos Bocas en Tabasco según los mapas indígenas, la Relación de Hernán Cortés (1524-1525) y el mapa de Tomás López (1783) /
Mención de responsabilidad Flora L. I. Salazar Ledesma
505 ## - NOTA DE CONTENIDO CON FORMATO
Título Los diferentes grupos mayas y el capitán Cortés /
Mención de responsabilidad José Manuel A. Chávez Gómez
505 ## - NOTA DE CONTENIDO CON FORMATO
Título Digo Velázquez, el despojado /
Mención de responsabilidad María del Carmen León Cázares
505 ## - NOTA DE CONTENIDO CON FORMATO
Título Mano derecha: Pedro de Alvarado, Hernán Cortés y la conquista de México /
Mención de responsabilidad W. George Lovell
505 ## - NOTA DE CONTENIDO CON FORMATO
Título Los méritos de la lengua. Rememoraciones de Jerónimo de Aguilar, primer intérprete de Hernán Cortés /
Mención de responsabilidad Carlos Conover Blancas
505 ## - NOTA DE CONTENIDO CON FORMATO
Título Huanitzin, gobernante de Ecatepec y acompañante de Cortés /
Mención de responsabilidad María de Guadalupe Suárez Castro
505 ## - NOTA DE CONTENIDO CON FORMATO
Título Imagen y poder. El escudo de armas de Hernán Cortés /
Mención de responsabilidad Miguel Soto
505 ## - NOTA DE CONTENIDO CON FORMATO
Título Miradas comparativas entre los biombos de la conquista /
Mención de responsabilidad Verónica Volkow Fernández
520 ## - SUMARIO, ETC.
Sumario, etc. Se reúnen aquí doce trabajos de investigación de especialistas en temas relacionados con la conquista de México. Enfoques o "visiones" desde distintas disciplinas integran y estructuran el presente volumen donde se complementan la investigación de historiadores en archivos de México y de Europa, el trabajo de campo de arqueólogos y etnohistoriadores, y la lectura de los textos y crónicas canónicas sobre esta temática y de documentos poco conocidos o inéditos, mediante interpretaciones nuevas que aportan conocimientos y matices enriquecedores. - Proporcionado por la editorial.
600 ## - PUNTO DE ACCESO ADICIONAL DE MATERIA--NOMBRE DE PERSONA
Nombre de persona Cortés, Hernán,‏
Fechas asociadas al nombre 1485-1547
9 (RLIN) 28561
650 ## - PUNTO DE ACCESO ADICIONAL DE MATERIA--TÉRMINO DE MATERIA
Término de materia o nombre geográfico como elemento de entrada Conquistadores
Subdivisión general Historia
Subdivisión geográfica México
9 (RLIN) 28562
651 ## - PUNTO DE ACCESO ADICIONAL DE MATERIA--NOMBRE GEOGRÁFICO
Nombre geográfico México
Subdivisión general Historia
-- Conquista, 1519-1540
9 (RLIN) 28563
700 ## - PUNTO DE ACCESO ADICIONAL--NOMBRE DE PERSONA
Nombre de persona Chávez Gómez, José M.‏
Término indicativo de función/relación coord.
Forma completa/desarrollada del nombre (José Manuel)
9 (RLIN) 28564
700 ## - PUNTO DE ACCESO ADICIONAL--NOMBRE DE PERSONA
Nombre de persona Díez Canedo, Aurora
Término indicativo de función/relación coord. y ed.
9 (RLIN) 28565
942 ## - ELEMENTOS DE PUNTO DE ACCESO ADICIONAL (KOHA)
Fuente del sistema de clasificación o colocación Library of Congress Classification
Tipo de ítem Koha Libros
Holdings
Estado de retiro Estado de pérdida Fuente del sistema de clasificación o colocación Estado dañado No para préstamo Localización permanente Ubicación/localización actual Fecha de adquisición Total de préstamos Signatura topográfica completa Código de barras Fecha visto por última vez Precio válido a partir de Tipo de ítem Koha
El ejemplar forma parte de la colección y puede ser consultado según las políticas vigentes.   Library of Congress Classification     Biblioteca del Museo Franz Mayer (Rogerio Casas-Alatriste) Biblioteca del Museo Franz Mayer (Rogerio Casas-Alatriste) 14/09/2022   F1230. E586 2021 CONT10021 14/09/2022 14/09/2022 Libros
El ejemplar forma parte de la colección y puede ser consultado según las políticas vigentes.   Library of Congress Classification     Biblioteca del Museo Franz Mayer (Rogerio Casas-Alatriste) Biblioteca del Museo Franz Mayer (Rogerio Casas-Alatriste) 14/09/2022   F1230. E586 2021 CONT10022 14/09/2022 14/09/2022 Libros